00000000nam##2200000za#4500
0019.573642
003CaOODSP
00520210624183810
007cr |||||||||||
008150406|2004||||xxc|||||o    f|0| 0 eng|d
040 |aCaOODSP|beng
043 |an-cn---
0861 |aT41-1/10E-PDF
1101 |aCanada. |bTransport Canada.
24510|aTransit priority system : |h[electronic resource]|bplanning and pilot project deployment
260 |aOttawa - Ontario : |bTransport Canada |cJuly 2004.
300 |a4p.|bmap
4901 |aCase studies in sustainable transportation|vCase study 10
500 |aAt head of title: Urban Transportation Showcase Program. "York Region, Ontario".
590 |a12-20-Supp|b2012-05-09
77508|tSystème de priorité pour le transport en commun : |w(CaOODSP)9.603742
830#0|aCase studies in sustainable transportation ;|vCase study 10|w(CaOODSP)9.506851
85640|ahttp://publications.gc.ca|qPDF|s195 KB|uhttps://publications.gc.ca/collections/collection_2012/tc/T41-1-10-eng.pdf|yCase study 10
986 |aTP14255E